000 00649nam a2200253Ia 4500
001 44336
005 20240114003625.0
007 ta
008 090227s1954 g b000 u 465 u
040 _aCotton College,Assam
041 _a465
082 _a512.8
_bH 142 H
100 _aHall, H. S. .
245 0 _aHigher Algebra /
_cH. S. Hall,S. R. Knight.
_hTextual Documents
250 _a1st ed /
260 _aLondon :
_bMacmillan and co ,
_c1954.
300 _a221p ;
_c18 cm.
653 _aMathematics
653 _aT/G-Mathematics
700 _aKnight, S. R. .
942 _2ddc
_cBK
999 _c44302
_d44302